Projeto Radix (Record no. 155240)

MARC details
000 -LÍDER
campo de controle de tamanho fixo 00395 a2200157 4500
001 - NÚMERO DE CONTROLE
campo de controle 155240
040 ## - FONTE DA CATALOGAÇÃO
Instituição que transcreveu o registro Escola São Tomás de Aquino
100 ## - ENTRADA PRINCIPAL--NOME PESSOAL
Nome pessoal HERNÁNDES, Josephine Sánches
240 10 - TÍTULO UNIFORME
Título uniforme Projeto Radix
Idioma da obra por
245 10 - TÍTULO
Título Projeto Radix
300 ## - DESCRIÇÃO FÍSICA
Extensão 208
362 0# - DATAS DE PUBLICAÇÃO E/OU DESIGNAÇÃO SEQUENCIAL
Datas de publicação e/ou designação sequencial 2005
440 #1 - DECLARAÇÃO DE SÉRIE/ENTRADA ADICIONADA--TÍTULO
Título Scipione
697 ## - ENTRADA DE ASSUNTO LOCAL--ENTIDADE COLETIVA (RLIN)
Nome corporativo ou nome da jurisdição Sistemas de escrita, fonologia, fonética da norma espanhola
942 ## - ELEMENTOS DE ENTRADA ADICIONADOS (KOHA)
Tipo de material Koha Livros
Holdings
Situação do descarte Situação das perdas Situação física Não pode ser emprestado Biblioteca de origem Biblioteca atual Data de aquisição Total de empréstimos Número de chamada completo Código de barras Data de último acesso Data do preço efetivo Tipo de material Koha
        ESTA - SÃO BENTO ESTA - SÃO BENTO 30/04/2024   461 ANG PRO EST00009321 30/04/2024 30/04/2024 Livros